| 000 | 00437nam a2200181Ia 4500 | ||
|---|---|---|---|
| 008 | 210210b1952 xxu||||| |||| 00| 0 eng d | ||
| 041 | _aeng | ||
| 082 | _a444/475 | ||
| 100 | _aJENKINS (K E) | ||
| 245 | _aTeach yourself french grammmar | ||
| 260 |
_aLondon _bThe English Universities Press Ltd. _c1952 |
||
| 650 | _ayourself | ||
| 650 | _aTeach | ||
| 650 | _agrammmar | ||
| 650 | _afrench | ||
| 690 | _aFrench | ||
| 906 | _a006670 | ||
| 999 |
_c129660 _d129660 |
||